000 00553nam a22001931i 4500
001 000030289
003 RuMoIPM
005 20260413113618.0
008 030616s1989----ur | c rus
020 _a5-7855-0268-2
040 _aRuMoIPM
_brus
_ercr
041 0 _arus
080 _a51:1
100 1 _aКикель, Павел Васильевич
245 1 _aМатематизация научного знания
_cП. В. Кикель
260 _aМинск
_bУниверситетское
_c1989
300 _a85 с.
_bил.
942 _cBK
999 _c30289
_d30289